| 000 | 00000nam 2200000za 4500 |
| 001 | 9.577605 |
| 003 | CaOODSP |
| 005 | 20220901140009 |
| 007 | cr ||||||||||| |
| 008 | 150406|2007||||xxc|||||o f|0| 0 eng d |
| 040 | |aCaOODSP|beng |
| 043 | |an-cn--- |
| 086 | 1 |aJ3-2/2007-2E-PDF |
| 110 | 1 |aCanada.|bJustice Canada. |
| 245 | 14|aThe Child-Centred Family Justice Strategy : |h[electronic resource]|bsurvey on the practice of family law in Canada, 2004-2006 / |cprepared by: Joanne J. Paetsch, Lorne D. Bertrand, and Nicholas Bala. Submitted by: Canadian Research Institute for Law and the Family. |
| 260 | |bJustice Canada |cApril 2007. |
| 300 | |a116p.|bfigs., tables |
| 490 | 1 |aResearch report ; |vApril |
| 590 | |a13-22-Supp|b2013-09-26 |
| 775 | 08|tLa stratégie de justice familiale axée sur l'enfant : |w(CaOODSP)9.606165 |
| 830 | #0|aResearch report (Canada. Department of Justice. Family, Children and Youth Section)|vApril.|w(CaOODSP)9.832884 |
| 856 | 40|ahttp://publications.gc.ca|qPDF|s317 KB|uhttps://publications.gc.ca/collections/collection_2013/jus/J3-2-2007-2-eng.pdf |